[Event "Odessa-ch Region"]
[Site "Odessa"]
[Date "2020.07.30"]
[Round "4"]
[White "Sodol, Georgiy"]
[Black "Borsuk, Konstantin"]
[Result "1-0"]
[WhiteElo "2325"]
[BlackElo "2431"]
[PlyCount "73"]
[EventDate "2020.07.27"]
[EventType "tourn"]
[EventRounds "9"]
[EventCountry "UKR"]
[EventCategory "6"]
[SourceTitle "EXT 2021"]
[Source "ChessBase"]
[SourceDate "2020.10.23"]
[SourceVersion "1"]
[SourceVersionDate "2020.10.23"]
[SourceQuality "1"]

1. e4 e6 2. d4 d5 3. Nc3 Bb4 4. e5 b6 5. Qg4 Bf8 6. Nf3 Ba6 7. Bxa6 Nxa6 8. 0-0 Qd7 9. Ne2 Ne7 10. c3 Nf5 11. Qh3 c5 12. g4 Ne7 13. Ng5 h6 14. f4 g6 15. Ng3 Bg7 16. Nxf7 Kxf7 17. f5 Kg8 18. f6 Bf8 19. fxe7 Bxe7 20. Ne2 Nc7 21. Nf4 Qe8 22. dxc5 Bxc5+ 23. Be3 Kg7 24. Bxc5 bxc5 25. Rf2 c4 26. Raf1 Rh7 27. Ne2 Na6 28. Rf6 g5 29. Qe3 Kh8 30. Nd4 Nc5 31. b4 cxb3 32. axb3 Rc8 33. b4 Ne4 34. Rxe6 Qd7 35. c4 Rxc4 36. Rf8+ Kg7 37. Rfe8 1-0

[Event "Odessa Kogan Memorial Blitz"]
[Site "Odessa"]
[Date "2020.06.14"]
[Round "8"]
[White "Klinova, Masha"]
[Black "Sodol, Georgiy"]
[Result "0-1"]
[WhiteElo "2275"]
[BlackElo "2325"]
[PlyCount "64"]
[EventDate "2020.06.14"]
[EventType "tourn (blitz)"]
[EventRounds "10"]
[EventCountry "UKR"]
[EventCategory "7"]
[SourceTitle "CBM 196 Extra"]
[Source "ChessBase"]
[SourceDate "2020.07.31"]
[SourceVersion "1"]
[SourceVersionDate "2020.07.31"]
[SourceQuality "1"]

1. e4 c6 2. d4 d5 3. e5 Bf5 4. Nf3 e6 5. Be2 Ne7 6. 0-0 Nd7 7. Nbd2 Ng6 8. Nb3 f6 9. exf6 Qxf6 10. h3 Bd6 11. Bg5 Qf7 12. g4 Be4 13. Nfd2 Nf4 14. Nxe4 dxe4 15. Qd2 Nxh3+ 16. Kg2 Nf4+ 17. Bxf4 Bxf4 18. Qb4 0-0-0 19. Na5 Nb6 20. Rad1 h5 21. c4 hxg4 22. Rh1 g3 23. fxg3 Qg6 24. Qb3 Rxh1 25. Rxh1 Rxd4 26. c5 Rd2 27. cxb6 Rxe2+ 28. Kf1 Rd2 29. bxa7 Rd1+ 30. Ke2 Qg4+ 31. Kf2 e3+ 32. Kg2 Qxg3# 0-1

[Event "Odessa Kogan Memorial Blitz"]
[Site "Odessa"]
[Date "2020.06.14"]
[Round "6"]
[White "Sumets, Andrey"]
[Black "Sodol, Georgiy"]
[Result "1-0"]
[WhiteElo "2546"]
[BlackElo "2325"]
[PlyCount "53"]
[EventDate "2020.06.14"]
[EventType "tourn (blitz)"]
[EventRounds "10"]
[EventCountry "UKR"]
[EventCategory "7"]
[SourceTitle "CBM 196 Extra"]
[Source "ChessBase"]
[SourceDate "2020.07.31"]
[SourceVersion "1"]
[SourceVersionDate "2020.07.31"]
[SourceQuality "1"]

1. d4 Nf6 2. c4 g6 3. Nc3 d5 4. Nf3 Bg7 5. Bf4 0-0 6. Rc1 c5 7. dxc5 Ne4 8. cxd5 Qa5 9. Be5 f6 10. Bxb8 Rxb8 11. e3 Nxc3 12. Rxc3 f5 13. Nd4 f4 14. Qd2 fxe3 15. fxe3 Qxa2 16. Bc4 Qb1+ 17. Rc1 Qe4 18. Nf3 Bg4 19. 0-0 Bh6 20. d6+ e6 21. Rc3 Bxf3 22. gxf3 Rxf3 23. Rxf3 Qxf3 24. Bxe6+ Kh8 25. Bd5 Qg4+ 26. Bg2 b6 27. Qd4+ 1-0

[Event "Ghent Eastman op 42nd"]
[Site "Ghent"]
[Date "2019.07.24"]
[Round "9"]
[White "Middelhoven, Hein"]
[Black "Sodol, Georgiy"]
[Result "1/2-1/2"]
[WhiteElo "2237"]
[BlackElo "2319"]
[PlyCount "141"]
[EventDate "2019.07.20"]
[EventType "swiss"]
[EventRounds "9"]
[EventCountry "BEL"]
[SourceTitle "CBM 191 Extra"]
[Source "ChessBase"]
[SourceDate "2019.09.30"]
[SourceVersion "1"]
[SourceVersionDate "2019.09.30"]
[SourceQuality "1"]

1. e4 e5 2. Nf3 Nc6 3. Bc4 Nf6 4. d3 Be7 5. 0-0 0-0 6. Re1 d6 7. c3 Na5 8. Bb5 a6 9. Ba4 b5 10. Bc2 c5 11. a4 Rb8 12. axb5 axb5 13. Nbd2 Qc7 14. Nf1 h6 15. h3 Re8 16. g4 Nc6 17. Ne3 Bf8 18. Nh4 g6 19. Qf3 Bg7 20. Kh1 Ne7 21. Rg1 Nh7 22. Qg3 Kh8 23. Bd2 Bb7 24. c4 bxc4 25. dxc4 Ng5 26. f3 Ra8 27. Raf1 Qb8 28. Nef5 gxf5 29. Nxf5 Nxf5 30. gxf5 Bf6 31. Qh4 Nh7 32. Qxh6 Rg8 33. Rg4 Qf8 34. Qh5 Rxg4 35. fxg4 Qe7 36. h4 Ra2 37. g5 Rxb2 38. gxf6 Qxf6 39. Bg5 Qg7 40. Rb1 Rxb1+ 41. Bxb1 Kg8 42. Kh2 Bc6 43. Bd3 f6 44. Bh6 Qe7 45. Qg4+ Kh8 46. Qd1 Qb7 47. Qg1 Be8 48. Be2 Qa7 49. Kh1 Bc6 50. Bf3 Qf7 51. Kh2 Qg8 52. Qb1 Qa8 53. Qb6 Qc8 54. Qa7 Qb7 55. Qa5 Qb8 56. Qa6 Qc7 57. Kh3 Kg8 58. Qa2 Kh8 59. Qg2 Qf7 60. Qe2 Qb7 61. Kh2 Be8 62. Qg2 Qa7 63. Qd2 Bf7 64. Qxd6 Qa2+ 65. Kg3 Qxc4 66. Qd8+ Bg8 67. Qe7 Bf7 68. Qd8+ Bg8 69. Qe7 Bf7 70. Qd8+ Bg8 71. Qe7 1/2-1/2

[Event "Odessa Region-ch op"]
[Site "Odessa"]
[Date "2018.06.29"]
[Round "10"]
[White "Borsuk, Konstantin"]
[Black "Sodol, Georgiy"]
[Result "1-0"]
[WhiteElo "2347"]
[BlackElo "2352"]
[PlyCount "93"]
[EventDate "2018.06.20"]
[EventType "tourn"]
[EventRounds "11"]
[EventCountry "UKR"]
[EventCategory "7"]
[SourceTitle "CBM 185 Extra"]
[Source "ChessBase"]
[SourceDate "2018.07.29"]
[SourceVersion "1"]
[SourceVersionDate "2018.07.29"]
[SourceQuality "1"]

1. c4 e6 2. d4 d5 3. Nc3 c6 4. Nf3 dxc4 5. e3 b5 6. a4 Bb4 7. Bd2 Bb7 8. b3 cxb3 9. Qxb3 a5 10. axb5 Nf6 11. Na4 0-0 12. Nc5 Bxc5 13. dxc5 Ne4 14. Qc2 Qf6 15. Ra4 Nxd2 16. Qxd2 cxb5 17. Bxb5 Rd8 18. Qc1 Qg6 19. Nh4 Qg5 20. 0-0 Na6 21. Bxa6 Rxa6 22. h3 Rc8 23. Qb2 Qe7 24. Rc1 Bc6 25. Rg4 f6 26. Qa3 Rb8 27. Nf3 e5 28. Nh4 Qe6 29. Qd3 Bb5 30. Qb1 Raa8 31. Nf5 g6 32. Qc2 Bc6 33. Nd6 Kg7 34. Rc4 Bd5 35. Rc3 Rb4 36. e4 Bb3 37. Qe2 a4 38. Rd3 Ra7 39. Qd2 Rb8 40. c6 Qe7 41. Qc3 Rc7 42. Qc5 Kh6 43. Kh2 Be6 44. Qa5 Ra7 45. c7 Rba8 46. Qd2+ Kg7 47. c8Q 1-0

[Event "Odessa Euromaidan Blitz op"]
[Site "Odessa"]
[Date "2014.01.20"]
[Round "1"]
[White "Makarov, Pavlo"]
[Black "Sodol, Georgiy"]
[Result "1/2-1/2"]
[WhiteElo "2165"]
[BlackElo "2318"]
[PlyCount "59"]
[EventDate "2014.01.20"]
[EventType "swiss (blitz)"]
[EventRounds "4"]
[EventCountry "UKR"]
[SourceTitle "CBM 158 Extra"]
[Source "ChessBase"]
[SourceDate "2014.02.28"]
[SourceVersion "1"]
[SourceVersionDate "2014.02.28"]
[SourceQuality "1"]

1. d4 Nf6 2. c4 c5 3. d5 e6 4. Nc3 exd5 5. cxd5 d6 6. e4 g6 7. f4 Bg7 8. Bb5+ Nfd7 9. a4 0-0 10. Nf3 Na6 11. 0-0 Nc7 12. Bd3 a6 13. Be3 Re8 14. Bf2 Qf6 15. Qd2 Bh6 16. Bg3 Rb8 17. Rae1 b5 18. axb5 axb5 19. Ng5 c4 20. Bb1 Nc5 21. e5 dxe5 22. d6 N7e6 23. Nce4 Nxe4 24. Nxe4 Qd8 25. d7 Bxd7 26. Qxd7 exf4 27. Qxe8+ Qxe8 28. Nf6+ Kf8 29. Nxe8 Rxe8 30. Bf2 1/2-1/2

[Event "Geller Memorial op-B 7th"]
[Site "Odessa"]
[Date "2011.08.28"]
[Round "9"]
[White "Usoltseva, Polina"]
[Black "Sodol, Georgiy"]
[Result "0-1"]
[WhiteElo "1842"]
[BlackElo "2296"]
[PlyCount "90"]
[EventDate "2011.08.20"]
[EventType "swiss"]
[EventRounds "9"]
[EventCountry "UKR"]
[SourceTitle "EXT 2014"]
[Source "ChessBase"]
[SourceDate "2013.11.20"]
[SourceVersion "1"]
[SourceVersionDate "2013.11.20"]
[SourceQuality "1"]

1. e4 c5 2. Nf3 Nc6 3. d3 g6 4. g3 Bg7 5. Bg2 Nf6 6. 0-0 0-0 7. c3 d6 8. h3 Rb8 9. Be3 b5 10. Ne1 e5 11. f4 Nh5 12. Kh2 exf4 13. gxf4 Qh4 14. Qf3 b4 15. Qf2 Qxf2 16. Rxf2 bxc3 17. Nxc3 Nd4 18. Bf3 Nxf3+ 19. Nxf3 Bh6 20. Nd5 Bb7 21. f5 Bg7 22. Nf4 Nf6 23. fxg6 hxg6 24. Rd1 Rfe8 25. Nd2 d5 26. Bxc5 dxe4 27. dxe4 Rbd8 28. Rdf1 Bh6 29. Nd5 Nxd5 30. exd5 Bxd5 31. Nb3 Be6 32. Rg1 Bc4 33. Rc2 Bf4+ 34. Kg2 Bd3 35. Rc3 Be5 36. Re1 f5 37. Rxd3 Rxd3 38. Bd4 Rc8 39. Rxe5 Rc2+ 40. Bf2 Rxb2 41. Ra5 Kg7 42. Rxa7+ Kh6 43. Ra5 f4 44. h4 Rg3+ 45. Kf1 Rf3 0-1

[Event "Geller Memorial op-A 7th"]
[Site "Odessa"]
[Date "2011.08.27"]
[Round "8"]
[White "Sodol, Georgiy"]
[Black "Goreskul, Alyona"]
[Result "1-0"]
[WhiteElo "2296"]
[BlackElo "2221"]
[PlyCount "57"]
[EventDate "2011.08.20"]
[EventType "swiss"]
[EventRounds "9"]
[EventCountry "UKR"]
[SourceTitle "EXT 2014"]
[Source "ChessBase"]
[SourceDate "2013.11.20"]
[SourceVersion "1"]
[SourceVersionDate "2013.11.20"]
[SourceQuality "1"]

1. e4 e5 2. Nf3 Nf6 3. Nxe5 d6 4. Nc4 Nxe4 5. Nc3 Nxc3 6. bxc3 Be7 7. d4 Bf5 8. Ne3 Bd7 9. Bd3 0-0 10. Rb1 Bc8 11. Qh5 g6 12. Qf3 Bf6 13. Ng4 Qe7+ 14. Kf1 Bxg4 15. Qxg4 c5 16. h4 Nc6 17. Be3 Nd8 18. h5 Qe6 19. Qf4 c4 20. d5 Qe5 21. Qxc4 Qxc3 22. Qg4 Qc8 23. Qg3 Qd7 24. Rb4 b6 25. Rg4 Nb7 26. Qh3 Rad8 27. hxg6 fxg6 28. Bf5 Qe7 29. Rxg6+ 1-0

[Event "Geller Memorial op-A 7th"]
[Site "Odessa"]
[Date "2011.08.26"]
[Round "7"]
[White "Andreev, Volodymyr"]
[Black "Sodol, Georgiy"]
[Result "0-1"]
[WhiteElo "1919"]
[BlackElo "2296"]
[PlyCount "110"]
[EventDate "2011.08.20"]
[EventType "swiss"]
[EventRounds "9"]
[EventCountry "UKR"]
[SourceTitle "EXT 2014"]
[Source "ChessBase"]
[SourceDate "2013.11.20"]
[SourceVersion "1"]
[SourceVersionDate "2013.11.20"]
[SourceQuality "1"]

1. e4 c5 2. Nc3 Nc6 3. f4 e6 4. Bc4 Nf6 5. e5 d5 6. Bb5 Nd7 7. Bxc6 bxc6 8. d3 f6 9. Qh5+ g6 10. Qh3 Qe7 11. Nf3 Bg7 12. 0-0 0-0 13. Bd2 Rb8 14. b3 fxe5 15. Rae1 Rf5 16. g4 Rxf4 17. Bxf4 exf4 18. Ne2 e5 19. Nxf4 Rb4 20. c4 Qd6 21. Ng2 Nf8 22. Qg3 Nd7 23. Ng5 Qe7 24. h4 Bf6 25. Qf3 e4 26. dxe4 Bd4+ 27. Kh1 dxc4 28. Nf7 cxb3 29. axb3 Ba6 30. g5 Bxf1 31. Rxf1 Kg7 32. Nf4 Rb8 33. h5 Rf8 34. hxg6 hxg6 35. Nh6 Be5 36. Nh5+ Kh7 37. Qxf8 Nxf8 38. Rf7+ Qxf7 39. Nxf7 Bc7 40. Nf6+ Kg7 41. Ne8+ Kxf7 42. Nxc7 Ne6 43. Na6 Ke7 44. Kg2 Kd6 45. Kg3 Nxg5 46. Kf4 Ne6+ 47. Ke3 Nd4 48. Kd3 Nxb3 49. Kc3 Nd4 50. Kc4 Ne6 51. Kd3 Kd7 52. e5 Kc8 53. Kc4 g5 54. Nxc5 Nxc5 55. Kxc5 g4 0-1

[Event "Geller Memorial op-A 7th"]
[Site "Odessa"]
[Date "2011.08.25"]
[Round "6"]
[White "Sodol, Georgiy"]
[Black "Fiodorov, Mikhail"]
[Result "1-0"]
[WhiteElo "2296"]
[BlackElo "2143"]
[PlyCount "51"]
[EventDate "2011.08.20"]
[EventType "swiss"]
[EventRounds "9"]
[EventCountry "UKR"]
[SourceTitle "EXT 2014"]
[Source "ChessBase"]
[SourceDate "2013.11.20"]
[SourceVersion "1"]
[SourceVersionDate "2013.11.20"]
[SourceQuality "1"]

1. e4 e6 2. d4 d5 3. exd5 exd5 4. Nf3 Bd6 5. c4 Nf6 6. Nc3 0-0 7. cxd5 a6 8. Bg5 h6 9. Bh4 Bg4 10. Be2 Re8 11. 0-0 Nbd7 12. Re1 b5 13. Qb3 Nb6 14. Ne5 Bxe2 15. Rxe2 g5 16. Bg3 Nh5 17. Rae1 Nxg3 18. hxg3 Kg7 19. Ne4 Qc8 20. Qf3 Bxe5 21. dxe5 Qd8 22. Nf6 Rh8 23. Nh5+ Kf8 24. e6 Qe7 25. exf7 Qxf7 26. Qc3 1-0

[Event "Geller Memorial op-A 7th"]
[Site "Odessa"]
[Date "2011.08.22"]
[Round "3"]
[White "Muhtarov, Leonid"]
[Black "Sodol, Georgiy"]
[Result "0-1"]
[WhiteElo "2133"]
[BlackElo "2296"]
[PlyCount "70"]
[EventDate "2011.08.20"]
[EventType "swiss"]
[EventRounds "9"]
[EventCountry "UKR"]
[SourceTitle "EXT 2014"]
[Source "ChessBase"]
[SourceDate "2013.11.20"]
[SourceVersion "1"]
[SourceVersionDate "2013.11.20"]
[SourceQuality "1"]

1. Nf3 d5 2. g3 Nf6 3. Bg2 g6 4. 0-0 Bg7 5. d3 0-0 6. Nbd2 c5 7. e4 Nc6 8. c3 e5 9. Qb3 d4 10. Nc4 Ne8 11. cxd4 cxd4 12. Bd2 Rb8 13. a4 b6 14. Qa3 a5 15. Rfc1 Bb7 16. b4 axb4 17. Bxb4 Nxb4 18. Qxb4 f5 19. Nfxe5 fxe4 20. Bxe4 Bxe4 21. dxe4 d3 22. Qb3 Kh8 23. Ra2 Qg5 24. Nxd3 Rd8 25. f4 Bd4+ 26. Kg2 Qe7 27. Nce5 g5 28. Re2 gxf4 29. gxf4 Bxe5 30. Nxe5 Rxf4 31. Qxb6 Ng7 32. Qc5 Qg5+ 33. Kh1 Ne6 34. Qb6 Qh5 35. Rg1 Nd4 0-1

[Event "Odessa Region-ch"]
[Site "Odessa"]
[Date "2010.03.25"]
[Round "1"]
[White "Sodol, Georgiy"]
[Black "Mirzoev, Emil"]
[Result "1-0"]
[WhiteElo "2316"]
[BlackElo "2038"]
[PlyCount "43"]
[EventDate "2010.03.25"]
[EventType "tourn"]
[EventRounds "9"]
[EventCountry "UKR"]
[SourceTitle "EXT 2011"]
[Source "ChessBase"]
[SourceDate "2010.11.26"]
[SourceVersion "1"]
[SourceVersionDate "2010.11.26"]
[SourceQuality "1"]

1. e4 c5 2. Nf3 e6 3. d4 cxd4 4. Nxd4 Nc6 5. Nc3 Qc7 6. Be2 a6 7. 0-0 Nf6 8. Be3 Be7 9. f4 d6 10. Qe1 0-0 11. Qg3 Bd7 12. Nb3 b5 13. a3 Rfd8 14. Kh1 Rab8 15. e5 Nd5 16. Nxd5 exd5 17. f5 dxe5 18. f6 Bf8 19. fxg7 Be7 20. Rxf7 Kxf7 21. Rf1+ Kg8 22. Bh6 1-0

[Event "Yuzhny op"]
[Site "Yuzhny"]
[Date "2009.09.12"]
[Round "8"]
[White "Kovalev, Denis"]
[Black "Sodol, Georgiy"]
[Result "1/2-1/2"]
[WhiteElo "2451"]
[BlackElo "2263"]
[PlyCount "124"]
[EventDate "2009.09.08"]
[EventType "swiss"]
[EventRounds "9"]
[EventCountry "UKR"]
[SourceTitle "CBM 132 Extra"]
[Source "ChessBase"]
[SourceDate "2009.11.03"]
[SourceVersion "1"]
[SourceVersionDate "2009.11.03"]
[SourceQuality "1"]

1. c4 c5 2. Nf3 Nc6 3. d4 cxd4 4. Nxd4 Nf6 5. g3 Qb6 6. Nb3 Ne5 7. c5 Qc6 8. Rg1 d5 9. cxd6 exd6 10. Nc3 d5 11. Bg2 Be6 12. Nd4 Qb6 13. Nxe6 fxe6 14. Qa4+ Kf7 15. Qb5 Bb4 16. Qxb6 axb6 17. Kd1 Rhc8 18. h3 Nc4 19. Nb5 Rc5 20. Nd4 Rac8 21. a3 Nxa3 22. Nxe6 Kxe6 23. bxa3 Ba5 24. Be3 Rc4 25. Rc1 b5 26. Bd2 Bb6 27. e3 Ne4 28. Bxe4 dxe4 29. Rb1 Bc5 30. Rxb5 Bxa3 31. Ke2 Rc2 32. Rb6+ R8c6 33. Rgb1 Rd6 34. Rxd6+ Kxd6 35. Rxb7 Bc1 36. Kd1 Rxd2+ 37. Kxc1 Rxf2 38. Rxg7 Kd5 39. Rxh7 Rf3 40. Kd2 Rxg3 41. h4 Rh3 42. h5 Kc4 43. Rc7+ Kd5 44. Ra7 Kc4 45. Ra4+ Kd5 46. Rb4 Kc6 47. Rxe4 Rxh5 48. Ra4 Rd5+ 49. Ke2 Kd6 50. Ra8 Rb5 51. Kf3 Ke5 52. Re8+ Kf6 53. Kf4 Kf7 54. Re5 Rb4+ 55. e4 Rb6 56. Ra5 Ke6 57. Rh5 Ke7 58. Rh7+ Ke8 59. Kf5 Ra6 60. Rg7 Ra5+ 61. e5 Ra6 62. Rg6 Rxg6 1/2-1/2

[Event "Yuzhny op"]
[Site "Yuzhny"]
[Date "2009.09.12"]
[Round "7"]
[White "Sodol, Georgiy"]
[Black "Aliferenko, Aleksei"]
[Result "1-0"]
[WhiteElo "2263"]
[BlackElo "2206"]
[PlyCount "123"]
[EventDate "2009.09.08"]
[EventType "swiss"]
[EventRounds "9"]
[EventCountry "UKR"]
[SourceTitle "CBM 132 Extra"]
[Source "ChessBase"]
[SourceDate "2009.11.03"]
[SourceVersion "1"]
[SourceVersionDate "2009.11.03"]
[SourceQuality "1"]

1. e4 e6 2. d4 d5 3. Nd2 a6 4. Ngf3 c5 5. e5 Nc6 6. Bd3 cxd4 7. 0-0 g5 8. Nb3 g4 9. Nfxd4 Nxe5 10. f4 Nxd3 11. Qxd3 Nf6 12. f5 e5 13. Bg5 Be7 14. Rae1 Qd6 15. Qe2 Rg8 16. Bh4 Ne4 17. Bxe7 Kxe7 18. c4 exd4 19. cxd5 Qxd5 20. Qd3 Bxf5 21. Rxf5 Qxf5 22. Rxe4+ Kf6 23. Qxd4+ Kg6 24. Rxg4+ Kh5 25. Rh4+ Kg5 26. Nd2 Rad8 27. Nf3+ Qxf3 28. gxf3 Rxd4 29. Rxd4 Rg6 30. Rd7 Rb6 31. b3 Kf6 32. Kf2 Ke6 33. Rc7 a5 34. Rc4 Rb4 35. Ke3 Rb5 36. Rh4 h5 37. Re4+ Kf5 38. Rc4 f6 39. Kf2 Rd5 40. Kg3 b6 41. Rc6 Rb5 42. Rc4 Rd5 43. Rc2 Rd4 44. Kf2 Rh4 45. Ke3 Rb4 46. Rc4 Rb5 47. Kd3 Rd5+ 48. Kc3 Rb5 49. a4 Re5 50. Rc6 b5 51. Kd4 bxa4 52. bxa4 Kg5 53. h4+ Kxh4 54. Rxf6 Rg5 55. f4 Rg4 56. Ke5 Kg3 57. f5 h4 58. Rh6 h3 59. f6 Rg8 60. f7 Ra8 61. Rg6+ Kh4 62. Rg8 1-0

[Event "Yuzhny op"]
[Site "Yuzhny"]
[Date "2009.09.09"]
[Round "2"]
[White "Shkuro, Iuri"]
[Black "Sodol, Georgiy"]
[Result "0-1"]
[WhiteElo "2531"]
[BlackElo "2263"]
[PlyCount "64"]
[EventDate "2009.09.08"]
[EventType "swiss"]
[EventRounds "9"]
[EventCountry "UKR"]
[SourceTitle "CBM 132 Extra"]
[Source "ChessBase"]
[SourceDate "2009.11.03"]
[SourceVersion "1"]
[SourceVersionDate "2009.11.03"]
[SourceQuality "1"]

1. e4 d5 2. exd5 Qxd5 3. Nc3 Qa5 4. d4 c6 5. Bc4 Bf5 6. Nge2 e6 7. 0-0 Nf6 8. Ng3 Bg6 9. f4 Bd6 10. Qe2 0-0 11. Nce4 Nxe4 12. Nxe4 Bxe4 13. Qxe4 Nd7 14. c3 Nf6 15. Qe2 Rfe8 16. Kh1 Rac8 17. Be3 Nd5 18. Bd2 c5 19. Bb5 cxd4 20. c4 Bb4 21. Bxb4 Nxb4 22. Bxe8 Rxe8 23. f5 e5 24. Qe4 Qa6 25. a3 Qc6 26. Qh4 Nc2 27. f6 Re6 28. fxg7 Nxa1 29. Rxf7 Re8 30. Qf2 Qg6 31. Rf5 Re7 32. Qf3 Rf7 0-1

[Event "Geller Memorial op-A 4th"]
[Site "Odessa"]
[Date "2008.09.13"]
[Round "5"]
[White "Andrenko, Irina"]
[Black "Sodol, Georgiy"]
[Result "0-1"]
[WhiteElo "2213"]
[BlackElo "2378"]
[PlyCount "125"]
[EventDate "2008.09.09"]
[EventType "swiss"]
[EventRounds "9"]
[EventCountry "UKR"]
[SourceTitle "CBM 126 Extra"]
[Source "ChessBase"]
[SourceDate "2008.11.05"]
[SourceVersion "1"]
[SourceVersionDate "2008.11.05"]
[SourceQuality "1"]

1. e4 e5 2. Nf3 Nc6 3. Bc4 Nf6 4. d3 Bc5 5. c3 a6 6. 0-0 0-0 7. d4 Ba7 8. dxe5 Nxe4 9. Bd3 d5 10. exd6 Nxd6 11. Bg5 f6 12. Bf4 Be6 13. Qc2 h6 14. Nh4 f5 15. Bxd6 Qxd6 16. Bxf5 Bxf5 17. Nxf5 Qf4 18. Ng3 Rad8 19. a4 Ne5 20. Ne4 Nd3 21. Nbd2 Nxf2 22. Rxf2 Bxf2+ 23. Kh1 Rf5 24. Nf3 Ba7 25. Qb3+ Rfd5 26. Re1 Kh8 27. h3 c6 28. Qxb7 Bb8 29. Qb3 g5 30. Qc2 Re8 31. c4 Rf5 32. Qc3+ Be5 33. Nxe5 Qxe5 34. Rd1 Qxc3 35. Nxc3 Rb8 36. Rd6 Rc5 37. Rxh6+ Kg7 38. Rd6 Rxb2 39. Ne4 Rxc4 40. Nxg5 a5 41. Nf3 Rcc2 42. Rd7+ Kf6 43. Rd6+ Kf7 44. Rxc6 Rxg2 45. Rc1 Rgf2 46. Ne5+ Ke6 47. Nc4 Rh2+ 48. Kg1 Rbg2+ 49. Kf1 Rg5 50. Re1+ Kd5 51. Ne3+ Kd4 52. Ng4 Rxh3 53. Rd1+ Kc4 54. Nf2 Ra3 55. Rc1+ Kd4 56. Re1 Kd5 57. Rb1 Kc4 58. Rc1+ Kb4 59. Ne4 Rf5+ 60. Kg2 Re3 61. Nd6 Rf4 62. Nb7 Re7 63. Rb1+ 0-1

[Event "Ilichevsk Sunny Pawn op"]
[Site "Ilichevsk"]
[Date "2008.07.29"]
[Round "9"]
[White "Prokhorov, Alexander"]
[Black "Sodol, Georgiy"]
[Result "1-0"]
[WhiteElo "2156"]
[BlackElo "2378"]
[PlyCount "85"]
[EventDate "2008.07.20"]
[EventType "swiss"]
[EventRounds "10"]
[EventCountry "UKR"]
[SourceTitle "CBM 125 Extra"]
[Source "ChessBase"]
[SourceDate "2008.09.01"]
[SourceVersion "1"]
[SourceVersionDate "2008.09.01"]
[SourceQuality "1"]

1. e4 e5 2. d4 exd4 3. Qxd4 Nc6 4. Qe3 Nf6 5. Nc3 Bb4 6. Bd2 0-0 7. 0-0-0 Re8 8. Qg3 Rxe4 9. a3 Rg4 10. Qh3 Bxc3 11. Bxc3 d5 12. Qd3 Ne4 13. Be1 Rg6 14. f3 Nc5 15. Qd2 d4 16. Bf2 Rd6 17. h4 Rd5 18. Bc4 Be6 19. Nh3 Rd6 20. Bf1 Ne5 21. Qf4 Ng6 22. Qg3 Ne7 23. Ng5 Bf5 24. Bc4 Ne6 25. Ne4 Bxe4 26. fxe4 c5 27. h5 Nc6 28. Kb1 h6 29. Be3 Na5 30. Ba2 Kf8 31. Rhf1 c4 32. Bd2 c3 33. Bxc3 Nc6 34. e5 Rd5 35. Bxd5 Qxd5 36. Bd2 Nxe5 37. Rf5 f6 38. Bxh6 gxh6 39. Rxf6+ Ke7 40. Rf5 Rc8 41. Rxe5 Qc4 42. Qg6 Kd6 43. Rde1 1-0

[Event "Ilichevsk Sunny Pawn op"]
[Site "Ilichevsk"]
[Date "2008.07.28"]
[Round "8"]
[White "Sodol, Georgiy"]
[Black "Baranov, Jury"]
[Result "1-0"]
[WhiteElo "2378"]
[BlackElo "2150"]
[PlyCount "81"]
[EventDate "2008.07.20"]
[EventType "swiss"]
[EventRounds "10"]
[EventCountry "UKR"]
[SourceTitle "CBM 125 Extra"]
[Source "ChessBase"]
[SourceDate "2008.09.01"]
[SourceVersion "1"]
[SourceVersionDate "2008.09.01"]
[SourceQuality "1"]

1. e4 c6 2. d4 d5 3. e5 Bf5 4. Nc3 a6 5. Bd3 Bxd3 6. Qxd3 e6 7. f4 c5 8. Nf3 Ne7 9. Be3 Nf5 10. 0-0-0 Nc6 11. dxc5 Nxe3 12. Qxe3 Qa5 13. f5 d4 14. Qd3 0-0-0 15. Ne4 Qxa2 16. c3 dxc3 17. Qb1 cxb2+ 18. Qxb2 Qc4+ 19. Qc2 Qxc2+ 20. Kxc2 Rxd1 21. Rxd1 exf5 22. Nd6+ Bxd6 23. exd6 Kd7 24. Rb1 b5 25. cxb6 Kxd6 26. Rd1+ Ke7 27. Kc3 Rb8 28. Kc4 Na5+ 29. Kb4 Nb7 30. Rc1 Rd8 31. Rc7+ Rd7 32. Ne5 Rxc7 33. bxc7 Nd6 34. Kc5 f4 35. Kc6 Ke6 36. Nxf7 Nc8 37. Kb7 Ne7 38. Nd8+ Kd5 39. Nc6 Nf5 40. Kb8 Nd6 41. Na5 1-0

[Event "Ilichevsk Sunny Pawn op"]
[Site "Ilichevsk"]
[Date "2008.07.26"]
[Round "7"]
[White "Mischuk, Dmitry"]
[Black "Sodol, Georgiy"]
[Result "1/2-1/2"]
[WhiteElo "2208"]
[BlackElo "2378"]
[PlyCount "75"]
[EventDate "2008.07.20"]
[EventType "swiss"]
[EventRounds "10"]
[EventCountry "UKR"]
[SourceTitle "CBM 125 Extra"]
[Source "ChessBase"]
[SourceDate "2008.09.01"]
[SourceVersion "1"]
[SourceVersionDate "2008.09.01"]
[SourceQuality "1"]

1. e4 c5 2. Nc3 e6 3. Nge2 Nc6 4. d4 cxd4 5. Nxd4 Qc7 6. Ndb5 Qb8 7. f4 a6 8. Nd4 Bc5 9. Nb3 Ba7 10. e5 f6 11. Bd3 fxe5 12. Qh5+ Kf8 13. Ne4 g6 14. Qh4 d5 15. Rf1 dxe4 16. Bxe4 Nce7 17. fxe5+ Nf5 18. g4 Qxe5 19. gxf5 exf5 20. Bd2 Nf6 21. Bc3 Qxe4+ 22. Qxe4 fxe4 23. Rxf6+ Ke7 24. Rf4 Re8 25. Bb4+ Kd7 26. Rd1+ Kc6 27. Na5+ Kb5 28. a3 Be6 29. Nxb7 Bb8 30. Nd6+ Bxd6 31. Rxd6 a5 32. Rf6 axb4 33. Rfxe6 Rxe6 34. Rxe6 bxa3 35. bxa3 Rxa3 36. Rxe4 Rh3 37. Re2 Kc4 38. Kf1 1/2-1/2